000 00409nam a2200157Ia 4500
008 230524s9999 xx 000 0 und d
082 _a658.45
_bHAY
100 _aADB (Asian Development Bank)
245 0 _a"Agriculture, Food Security and Rural Development"
250 _aIST
260 _aNEW DELHI
_bOxford
_c2010
300 _a345
500 _aQuantity Number: 2
650 _aEconomics
942 _cBK
999 _c49241
_d49241